[Event "Friends of Lumpy Bumpy Big Challenge no2"]
[Site "SchemingMind.com"]
[Date "2010.04.14"]
[Round "-"]
[White "XTC"]
[Black "loco61"]
[Result "1-0"]
[WhiteCountry "COL"]
[BlackCountry "ENG"]
[WhiteElo "1896"]
[WhiteRD "58"]
[BlackElo "1605"]
[BlackRD "67"]
[GameID "245455"]

1. Nf3 d5 2. d4 Nc6 3. Bf4 Bf5 4. e3 Nb4 5. Na3 Nf6 6. c3 Nc6 7. Bb5 a6 8. Bxc6+ bxc6 9. Qa4 Bd7 10. Qa5 Ra7
11. O-O e6 12. Nc2 Bd6 13. Bxd6 cxd6 14. Qxd8+ Kxd8 15. Nd2 c5 16. c4 Ke7 17. Rfe1 Rb8 18. b3 Ne4 19. Nxe4 dxe4 20. dxc5 dxc5
21. Rab1 a5 22. Rb2 Ba4 23. Reb1 Rab7 24. f3 exf3 25. gxf3 Bc6 26. e4 a4 27. b4 cxb4 28. Nxb4 Bd7 29. Nd5+ exd5 30. Rxb7 Rxb7
31. Rxb7 dxc4 32. Rc7 Kd6 33. Rxc4 f6 34. a3 g5 35. Rb4 Kc5 36. Rb8 h5 37. Kg2 Kc4 38. Kg3 h4+ 39. Kf2 g4 40. Rb7 g3+
41. hxg3 hxg3+ 42. Kxg3 Bc6 43. Rf7 Kb3 44. Rxf6 Bd7 45. Rd6 Be8 46. Rd3+ Kc4 47. Re3 Kd4 48. Kf2 Bd7 49. f4
1-0

[Event "Friends of Lumpy Bumpy Big Challenge no2"]
[Site "SchemingMind.com"]
[Date "2010.04.15"]
[Round "-"]
[White "echecs"]
[Black "loco61"]
[Result "1-0"]
[WhiteCountry "ENG"]
[BlackCountry "ENG"]
[WhiteElo "1818"]
[WhiteRD "58"]
[BlackElo "1605"]
[BlackRD "67"]
[GameID "245456"]

1. e4 e5 2. Nf3 Nc6 3. Bc4 Bc5 4. c3 d6 5. d4 exd4 6. cxd4 Bb6 7. O-O Bg4 8. Be3 Nf6 9. h3 Bh5 10. Re1 Nxe4
11. Bg5 f6 12. Rxe4+ Ne7 13. Qb3 fxg5 14. Nxg5 Rf8 15. Ne6 Qd7 16. Nxg7+ Kd8 17. Ne6+ Ke8 18. Nxf8 Kxf8 19. Be6 Qc6 20. Rf4+ Ke8
21. Bf7+ Bxf7 22. Qxf7+ Kd7 23. Nc3 Rg8 24. d5 Qc5 25. Ne4
1-0

[Event "Friends of Lumpy Bumpy Big Challenge no2"]
[Site "SchemingMind.com"]
[Date "2010.04.15"]
[Round "-"]
[White "Clive Everill"]
[Black "loco61"]
[Result "0-1"]
[WhiteCountry "CZE"]
[BlackCountry "ENG"]
[WhiteElo "1664"]
[WhiteRD "50"]
[BlackElo "1605"]
[BlackRD "67"]
[GameID "245457"]

1. b3 e5 2. Bb2 Nc6 3. Nf3 e4 4. Nd4 Nxd4 5. Bxd4 c5 6. Bb2 d5 7. e3 Nf6 8. Bb5+ Bd7 9. Bxd7+ Qxd7 10. Bxf6 gxf6
11. Nc3 Bg7 12. Qh5 f5 13. O-O-O d4 14. Na4 b6 15. g4 fxg4 16. h3 gxh3 17. Rxh3 O-O-O 18. Nxc5 bxc5 19. Qxc5+ Kb8 20. Qb4+ Ka8
21. Rh5 d3 22. c3 f5 23. Rg1 Be5 24. Qa5 Bc7 25. Qxf5 Qxf5 26. Rxf5 Rdg8 27. Rxg8+ Rxg8 28. Rf7 Rg1+ 29. Kb2 Kb7 30. Rxh7 Rd1
31. Re7 Rxd2+ 32. Kb1 Rxf2 33. Rxe4 Bb6 34. Rd4 Bxd4 35. exd4 Rf1+
0-1

[Event "Friends of Lumpy Bumpy Big Challenge no2"]
[Site "SchemingMind.com"]
[Date "2010.04.19"]
[Round "-"]
[White "Kobiahshi"]
[Black "loco61"]
[Result "1-0"]
[WhiteCountry "USA"]
[BlackCountry "ENG"]
[WhiteElo "1636"]
[WhiteRD "68"]
[BlackElo "1642"]
[BlackRD "67"]
[GameID "245458"]

1. e4 e5 2. f4 d6 3. Nc3 Nc6 4. Bb5 Bd7 5. d3 a6 6. Bxc6 Bxc6 7. Nf3 Nf6 8. fxe5 dxe5 9. Nxe5 Qd6 10. Nc4 Qd7
11. Bd2 O-O-O 12. Qe2 Bc5 13. O-O-O Rhe8 14. Be3 Bxe3+ 15. Qxe3 Nd5 16. Nxd5 Bxd5 17. Qa7 b5 18. Na5 c5 19. Qxc5+ Qc7 20. Qxc7+ Kxc7
21. exd5 Rxd5 22. Rhe1 Rxe1 23. Rxe1 b4 24. Nc4 Kd8 25. Re5 Rxe5 26. Nxe5 f6 27. Nc6+ Kd7 28. Nxb4 a5 29. Na6
1-0

[Event "Friends of Lumpy Bumpy Big Challenge no2"]
[Site "SchemingMind.com"]
[Date "2010.04.22"]
[Round "-"]
[White "Naoki_M"]
[Black "loco61"]
[Result "1-0"]
[WhiteCountry "JPN"]
[BlackCountry "ENG"]
[WhiteElo "1718"]
[WhiteRD "74"]
[BlackElo "1607"]
[BlackRD "71"]
[GameID "245693"]

1. d4 d5 2. c4 e6 3. Nc3 Nf6 4. cxd5 exd5 5. Bg5 Be6 6. Nf3 h6 7. Bxf6 Qxf6 8. e3 a6 9. Be2 Bb4 10. O-O Nc6
11. a3 Bd6 12. Rc1 O-O 13. b4 Qg6 14. g3 Rae8 15. Nh4 Qg5 16. f4 Qe7 17. f5 Qg5 18. Qd3 Bxg3 19. hxg3 Qxg3+ 20. Ng2 Bxf5
21. Qxf5 Rxe3 22. Rf3 Rxf3 23. Qxf3 Qxf3 24. Bxf3 Nxd4 25. Bxd5 c6 26. Bc4 b5 27. Bf1 g5 28. Ne4 f5 29. Nc5 f4 30. Kf2 h5
31. Nd3 f3 32. Ne3 g4 33. Nxg4 hxg4 34. Ne5 Rc8 35. Nxg4 Re8 36. Nf6+
1-0

[Event "Friends of Lumpy Bumpy Big Challenge no2"]
[Site "SchemingMind.com"]
[Date "2010.04.22"]
[Round "-"]
[White "Naoki_M"]
[Black "capablanca"]
[Result "0-1"]
[WhiteCountry "JPN"]
[BlackCountry "GER"]
[WhiteElo "1718"]
[WhiteRD "74"]
[BlackElo "1694"]
[BlackRD "56"]
[GameID "245694"]

1. d4 d5 2. c4 e6 3. Nc3 Nf6 4. cxd5 exd5 5. Bg5 Bb4 6. Nf3 Bf5 7. e3 Qd6 8. Bxf6 Qxf6 9. Be2 O-O 10. O-O c6
11. Ne5 Nd7 12. Nxd7 Bxd7 13. Bg4 Bxg4 14. Qxg4 Bd6 15. f4 Rae8 16. Rae1 Qe6 17. f5 Qh6 18. h3 Rxe3 19. Rxe3 Qxe3+ 20. Kh1 Re8
21. f6 g6 22. Nd1 Qe1 23. Qf3 Qg3 24. Qxg3 Bxg3 25. Kg1 Re6 26. Rf3 Re1+ 27. Rf1 Rxf1+ 28. Kxf1 Bh4 29. Nc3 Bxf6 30. Ne2 Kf8
31. Kf2 Ke7 32. Kf3 Bg5 33. Kg4 Bf6 34. h4 h5+ 35. Kh3 Kd6 36. b4 b6 37. g4 hxg4+ 38. Kxg4 c5 39. bxc5+ bxc5 40. dxc5+ Kxc5
41. h5 gxh5+ 42. Kxh5 d4 43. Nc1 Kc4 44. Kg4 d3 45. Nxd3 Kxd3 46. Kf5 Be7 47. Ke5 Kc4 48. Kf5 a5
0-1

[Event "Friends of Lumpy Bumpy Big Challenge no2"]
[Site "SchemingMind.com"]
[Date "2010.04.22"]
[Round "-"]
[White "Naoki_M"]
[Black "XTC"]
[Result "1/2-1/2"]
[WhiteCountry "JPN"]
[BlackCountry "COL"]
[WhiteElo "1682"]
[WhiteRD "75"]
[BlackElo "1858"]
[BlackRD "62"]
[GameID "245695"]

1. d4 g6 2. c4 Nf6 3. Nc3 d5 4. c5 Bg7 5. Nf3 Nc6 6. e3 Bg4 7. Be2 O-O 8. O-O Ne4 9. Nxe4 dxe4 10. Nd2 Bxe2
11. Qxe2 Qd5 12. a3 e5 13. Rd1 f5 14. Qc4 Qxc4 15. Nxc4 exd4 16. exd4 Bxd4 17. Be3 Rad8 18. Bxd4 Nxd4 19. Nd2 Ne6 20. b4 b6
21. cxb6 cxb6 22. Nf1 Nf4 23. Ne3 Ne2+ 24. Kf1 Rxd1+ 25. Rxd1 Nc3 26. Rd7 f4 27. Ng4 a5 28. bxa5 bxa5 29. Rb7 Rd8 30. Nf6+ Kf8
31. Nxh7+ Ke8 32. Nf6+=
1/2-1/2

[Event "Friends of Lumpy Bumpy Big Challenge no2"]
[Site "SchemingMind.com"]
[Date "2010.04.22"]
[Round "-"]
[White "Naoki_M"]
[Black "echecs"]
[Result "1/2-1/2"]
[WhiteCountry "JPN"]
[BlackCountry "ENG"]
[WhiteElo "1734"]
[WhiteRD "71"]
[BlackElo "1865"]
[BlackRD "61"]
[GameID "245696"]

1. d4 Nf6 2. c4 g6 3. Nc3 Bg7 4. Nf3 O-O 5. e4 d6 6. Bd3 Bg4 7. O-O Nc6 8. Be3 Ne8 9. Be2 Qc8 10. a3 a6
11. d5 Na7 12. Nd4 Bxe2 13. Qxe2 c5 14. Nc2 Nc7 15. Rab1 b5 16. f4 Rb8 17. f5 b4 18. axb4 Bxc3 19. bxc3 Rb7 20. bxc5 dxc5
21. Rxb7 Qxb7 22. Bxc5 Re8 23. Nd4 Nc8 24. fxg6 hxg6 25. Nc6 Nd6 26. Bxd6 exd6 27. Qf3 Na8 28. h4 Nb6 29. Na5 Qc7 30. Kh1 Re7
31. g4 Nxc4 32. Nxc4 Qxc4 33. Re1 Re5 34. Kg2 a5 35. h5 Kg7 36. hxg6 fxg6 37. Kg3 a4 38. Kh4 a3 39. g5 a2 40. Qf6+ Kh7
41. Qf7+ Kh8 42. Qf8+=
1/2-1/2

[Event "Friends of Lumpy Bumpy Big Challenge no2"]
[Site "SchemingMind.com"]
[Date "2010.04.22"]
[Round "-"]
[White "Naoki_M"]
[Black "Clive Everill"]
[Result "1-0"]
[WhiteCountry "JPN"]
[BlackCountry "CZE"]
[WhiteElo "1734"]
[WhiteRD "71"]
[BlackElo "1657"]
[BlackRD "51"]
[GameID "245697"]

1. d4 f5 2. c4 Nf6 3. Nc3 d6 4. Nf3 e6 5. Bg5 Be7 6. e3 h6 7. Bxf6 Bxf6 8. Be2 Nc6 9. O-O Bd7 10. a3 Qe7
11. b4 O-O 12. b5 Na5 13. Rb1 b6 14. a4 Nb7 15. Qd2 c5 16. d5 e5 17. e4 f4 18. Qa2 Nd8 19. a5 Nf7 20. a6 Ng5
21. Nxg5 Bxg5 22. Bf3 Bf6 23. Qe2 g5 24. Bg4 Bxg4 25. Qxg4 Kh7 26. Ne2 Kg6 27. h4 h5 28. Qf5+ Kh6 29. hxg5+ Bxg5 30. Qe6+ Qxe6
31. dxe6 Rfe8 32. Nc3 Rxe6 33. Nd5 Rh8 34. f3 h4 35. Ra1 Kg6 36. Rf2 h3 37. gxh3 Rxh3 38. Nxb6 Rh8 39. Nd5 Bd8 40. Rh2 Rxh2
41. Kxh2 Re8 42. Kg2 Kf7 43. Kf2 Rh8 44. Rg1 Rh2+ 45. Rg2 Rh1 46. Ke2 Rc1 47. Kd3 Rf1 48. Ke2 Rb1 49. Rf2 Bh4 50. Rf1 Rb2+
51. Kd3 Bd8 52. Kc3 Ra2 53. Kb3 Rd2 54. b6 Rd3+ 55. Ka4 Bxb6 56. Nxb6 Rd2 57. Nd5 Ke6 58. Nc3 Rc2 59. Kb3 Rg2 60. Nb5 Rg7
61. Rd1 Rd7 62. Rd3 Ke7 63. Kc2 Ke6 64. Kd2 Ke7 65. Ke2 Ke6 66. Kf2 Ke7 67. Kg2 Ke6 68. Kh3 Rh7+ 69. Kg4 Rg7+ 70. Kh5 Rd7
71. Kg6 Rd8 72. Rxd6+ Rxd6 73. Nxd6 Kxd6 74. Kf6 Kc6 75. Kxe5
1-0

[Event "Friends of Lumpy Bumpy Big Challenge no2"]
[Site "SchemingMind.com"]
[Date "2010.04.22"]
[Round "-"]
[White "Naoki_M"]
[Black "Kobiahshi"]
[Result "0-1"]
[WhiteCountry "JPN"]
[BlackCountry "USA"]
[WhiteElo "1734"]
[WhiteRD "71"]
[BlackElo "1628"]
[BlackRD "62"]
[GameID "245698"]

1. d4 d5 2. c4 e6 3. Nc3 c5 4. cxd5 exd5 5. Nf3 Nc6 6. e3 Nf6 7. Be2 Be7 8. Bb5 Bd7 9. O-O Na5 10. Ne5 Bxb5
11. Nxb5 O-O 12. Bd2 Nc4 13. Nxc4 dxc4 14. Bc3 Qb6 15. a4 Rfd8 16. Qf3 a6 17. dxc5 Bxc5 18. Nd4 Bxd4 19. exd4 Nd5 20. Rfd1 Rac8
21. a5 Qg6 22. Bd2 Rc6 23. Be3 b5 24. Rac1 Rf6 25. Qe2 Re8 26. Qc2 Qg4 27. Re1 Rg6 28. g3 f5 29. Qd2 f4 30. Bxf4 Rxe1+
31. Rxe1 Nxf4 32. Qe3 Re6 33. Qc1 Qf3 34. gxf4 Rg6+ 35. Kf1 Qh3+ 36. Ke2 Qd3#
0-1

[Event "Friends of Lumpy Bumpy Big Challenge no2"]
[Site "SchemingMind.com"]
[Date "2010.04.22"]
[Round "-"]
[White "loco61"]
[Black "Naoki_M"]
[Result "0-1"]
[WhiteCountry "ENG"]
[BlackCountry "JPN"]
[WhiteElo "1605"]
[WhiteRD "67"]
[BlackElo "1689"]
[BlackRD "70"]
[GameID "245699"]

1. e4 c5 2. Nf3 Nc6 3. Bc4 e5 4. d3 Nf6 5. Bg5 Be7 6. Nc3 O-O 7. h4 d6 8. Qd2 Bg4 9. O-O-O Nd4 10. Qe3 a6
11. Bd5 Rb8 12. Bxf6 Bxf6 13. Ne2 Nxe2+ 14. Qxe2 b5 15. g3 a5 16. Qd2 Bxf3
0-1

[Event "Friends of Lumpy Bumpy Big Challenge no2"]
[Site "SchemingMind.com"]
[Date "2010.04.22"]
[Round "-"]
[White "capablanca"]
[Black "Naoki_M"]
[Result "0-1"]
[WhiteCountry "GER"]
[BlackCountry "JPN"]
[WhiteElo "1662"]
[WhiteRD "56"]
[BlackElo "1689"]
[BlackRD "70"]
[GameID "245700"]

1. e4 c5 2. Nf3 d6 3. d4 cxd4 4. Nxd4 Nf6 5. Nc3 g6 6. Bc4 Bg7 7. f3 O-O 8. Be3 Nc6 9. Qd2 Bd7 10. O-O-O Rc8
11. Ndb5 a6 12. Nd4 Nxd4 13. Bxd4 Rxc4
0-1

[Event "Friends of Lumpy Bumpy Big Challenge no2"]
[Site "SchemingMind.com"]
[Date "2010.04.22"]
[Round "-"]
[White "XTC"]
[Black "Naoki_M"]
[Result "1/2-1/2"]
[WhiteCountry "COL"]
[BlackCountry "JPN"]
[WhiteElo "1863"]
[WhiteRD "62"]
[BlackElo "1718"]
[BlackRD "74"]
[GameID "245701"]

1. e4 c5 2. Nf3 e6 3. d4 cxd4 4. Nxd4 a6 5. Nc3 Nc6 6. g3 d5 7. Nxc6 bxc6 8. Bg2 Bb4 9. Bd2 Ne7 10. O-O Bxc3
11. Bxc3 O-O 12. Qg4 Ng6 13. Qh5 f6 14. Bb4 Rf7 15. Rad1 Bb7 16. c4 Qb6 17. Bc3 dxc4 18. Bh3 c5 19. Qe2 Ne5 20. Bxe5 fxe5
21. Qxc4 Re8 22. b3 Bc8 23. f4 exf4 24. gxf4 Ref8 25. e5 Qc6 26. Rd6 Qb5 27. Bxe6 Bxe6 28. Rxe6 Qxc4 29. bxc4 Rxf4 30. Rxf4 Rxf4
31. Rxa6 Rxc4 32. Rc6 Kf7 33. Kf2 Rc2+ 34. Kg3 Rxa2 35. Rxc5 Ra7 36. Rc6 Re7 37. Kf4 Re6 38. Rc7+ Re7 39. Rc4 g6 40. h4 Kg7
41. Rd4 h6 42. Re4 Kf7 43. Rb4=
1/2-1/2

[Event "Friends of Lumpy Bumpy Big Challenge no2"]
[Site "SchemingMind.com"]
[Date "2010.04.22"]
[Round "-"]
[White "echecs"]
[Black "Naoki_M"]
[Result "1-0"]
[WhiteCountry "ENG"]
[BlackCountry "JPN"]
[WhiteElo "1865"]
[WhiteRD "61"]
[BlackElo "1734"]
[BlackRD "71"]
[GameID "245702"]

1. e4 c5 2. c3 d5 3. exd5 Qxd5 4. Nf3 Nc6 5. Be2 Nf6 6. O-O Bf5 7. d4 c4 8. Nbd2 b5 9. b3 Bd3 10. bxc4 bxc4
11. Bxd3 cxd3 12. c4 Qa5 13. Nb3 Qc7 14. Qxd3 e6 15. Re1 Be7 16. Bg5 O-O 17. d5 exd5 18. Rac1 Rad8 19. Bxf6 Bxf6 20. cxd5 Nb4
21. Qd2 Qb6 22. Rc5 Rxd5 23. Rxd5 Nxd5 24. Qxd5 Bc3 25. Rf1 Rd8 26. Qc5 Qxc5 27. Nxc5 Bf6 28. g3 h6 29. a4 Bc3 30. Rb1 a5
31. Kg2 Bb4 32. Nb3 Kf8 33. Nfd4 Ke8 34. Nc6 Ra8 35. Nxb4 axb4 36. a5 Kd7 37. Ra1 Kc6 38. Kf3 Kd5 39. a6 Kc6 40. Ke4 Kb5
41. a7 Kb6 42. Kd5 Rxa7 43. Rxa7 Kxa7 44. Kc4 Kb6 45. Nd4 Kc7 46. Kxb4 Kd7 47. Nf5 g5 48. Nxh6 f6 49. Kc4 Ke6 50. Kd4 f5
51. g4 fxg4 52. Ke4 Kf6 53. Nxg4+ Kg6 54. Kf3 Kf5 55. h3 Kg6 56. Kg3 Kh5 57. Ne5 Kh6 58. Kg4
1-0

[Event "Friends of Lumpy Bumpy Big Challenge no2"]
[Site "SchemingMind.com"]
[Date "2010.04.22"]
[Round "-"]
[White "Clive Everill"]
[Black "Naoki_M"]
[Result "0-1"]
[WhiteCountry "CZE"]
[BlackCountry "JPN"]
[WhiteElo "1700"]
[WhiteRD "53"]
[BlackElo "1718"]
[BlackRD "74"]
[GameID "245703"]

1. Nf3 Nf6 2. g3 b6 3. d4 Bb7 4. Bg2 e6 5. c4 Nc6 6. O-O Be7 7. Nc3 O-O 8. d5 exd5 9. Nxd5 Rb8 10. Nxe7+ Qxe7
11. Bg5 Rfd8 12. a3 Ne5 13. Nd4 g6 14. Bxb7 Rxb7 15. f4 Nxc4 16. e4 Ne3 17. Qf3 Nxf1 18. Kxf1 Rdb8 19. e5 Qc5 20. Rd1 Nh5
21. g4 Ng7 22. Bf6 b5 23. b4 Qc4+ 24. Kg2 c5 25. bxc5 Qxc5 26. Kg3 b4 27. axb4 Qxb4 28. Qd5 a5 29. Bxg7 Kxg7 30. f5 g5
31. f6+ Kg8 32. Nf5 Qf4+ 33. Kh3 Rb3+ 34. Ng3 h5 35. gxh5 Qh4+ 36. Kg2 Rb2+ 37. Rd2 Rxd2+ 38. Qxd2 Qg4 39. h3 Qf4 40. Qc3 Qb4
41. Qc7 Qb7+ 42. Qxb7 Rxb7 43. Ne4 Rb4 44. Nxg5 Rh4 45. Kg3 Rxh5 46. Nf3 a4 47. Kg4 a3 48. Nd4 Rxe5 49. Kf4 Ra5 50. Nc2 a2
51. Na1 Kh7 52. Ke3 Kg6
0-1

[Event "Friends of Lumpy Bumpy Big Challenge no2"]
[Site "SchemingMind.com"]
[Date "2010.04.22"]
[Round "-"]
[White "Kobiahshi"]
[Black "Naoki_M"]
[Result "0-1"]
[WhiteCountry "USA"]
[BlackCountry "JPN"]
[WhiteElo "1602"]
[WhiteRD "65"]
[BlackElo "1728"]
[BlackRD "72"]
[GameID "245704"]

1. f4 d5 2. Nf3 Nf6 3. e3 g6 4. b4 Bg7 5. Bb2 O-O 6. Be2 Bf5 7. O-O Nbd7 8. d4 Ne4 9. c3 a6 10. Nbd2 b5
11. Nxe4 Bxe4 12. Bd3 Nf6 13. a3 Ng4 14. Qe2 f5 15. h3 Nf6 16. Nh2 e6 17. Rad1 Nh5 18. Qf2 Bf6 19. Bxe4 fxe4 20. g3 Rf7
21. Kg2 Qf8 22. Qe1 Bg7 23. Kf2 c6 24. Ke2 a5 25. g4 Nf6 26. h4 axb4 27. cxb4 Ra6 28. Rg1 Nd7 29. g5 Nb6 30. Ra1 Nc4
31. Bc1 Rfa7 32. Qc3 Qa8 33. Kf2 Nxa3 34. Bb2 Nc4 35. Kg3 Ra2 36. Rab1 Bf8 37. Ng4 Rxb2 38. Rxb2 Nxb2 39. Qxb2 Ra4 40. Nh6+ Kg7
41. Qh2 Bxb4 42. Qh3 Qc8 43. h5 Ra3 44. Ng4 Qh8 45. h6+ Kf8 46. Rd1 Ke7 47. Kh4 c5 48. Qh1 c4 49. Qh2 Bd6 50. Rb1 b4
51. Qb2 b3 52. Qc3 Kd8 53. Qb2 Kc7 54. Kg3 Be7 55. Kh4 Qb8 56. Kg3 Qb4 57. Kh4 Kb6 58. Kg3 c3 59. Qh2 b2 60. Qh1 c2
0-1

[Event "Friends of Lumpy Bumpy Big Challenge no2"]
[Site "SchemingMind.com"]
[Date "2010.04.24"]
[Round "-"]
[White "David Hartley"]
[Black "loco61"]
[Result "1-0"]
[WhiteCountry "ENG"]
[BlackCountry "ENG"]
[WhiteElo "1775"]
[WhiteRD "60"]
[BlackElo "1607"]
[BlackRD "71"]
[GameID "245919"]

1. e4 e5 2. Nf3 Nc6 3. Bb5 d6 4. d4 Bd7 5. Nc3 a6 6. Bxc6 Bxc6 7. dxe5 dxe5 8. Qxd8+ Rxd8 9. Nxe5 Bd7 10. Bd2 f6
11. Nxd7 Rxd7 12. O-O-O Bd6 13. g3 Ne7 14. Be1 h6 15. f3 O-O 16. Bf2 b6 17. Rd3 Rfd8 18. Rhd1 Nc6 19. f4 Nb4 20. R3d2 c5
21. e5 fxe5 22. fxe5 Rf7 23. exd6 Nc6 24. h4 Ne5 25. b3 Rf3 26. Re2 Kf7 27. Ne4 c4 28. Bxb6 Rb8 29. Bc7 Rc8 30. Nc5 Nc6
31. Rde1 c3 32. Re3 Rxe3 33. Rxe3 Nb4 34. d7
1-0

[Event "Friends of Lumpy Bumpy Big Challenge no2"]
[Site "SchemingMind.com"]
[Date "2010.04.24"]
[Round "-"]
[White "David Hartley"]
[Black "capablanca"]
[Result "1-0"]
[WhiteCountry "ENG"]
[BlackCountry "GER"]
[WhiteElo "1783"]
[WhiteRD "63"]
[BlackElo "1712"]
[BlackRD "54"]
[GameID "245920"]

1. e4 e5 2. Nf3 Nc6 3. Bb5 Nf6 4. O-O Nxe4 5. d4 d5 6. Nxe5 Nd6 7. Nxc6 bxc6 8. Bxc6+ Bd7 9. Bxa8 Qxa8 10. Re1+ Be6
11. Nd2 Be7 12. Nf3 O-O 13. Ng5 Bxg5 14. Bxg5 Ne4 15. Be3 Qb7 16. b3 Re8 17. Bd2 Nxd2 18. Qxd2 Rb8 19. Re3 Qb5 20. Qe2 Qxe2
21. Rxe2 a5 22. c3 Kf8 23. Rae1 Ke7 24. f4 Kd6 25. Re5 g6 26. h3 c6 27. R1e2 c5 28. dxc5+ Kxc5 29. c4 Kc6 30. cxd5+ Bxd5
31. Re7 Be6 32. R7xe6+ fxe6 33. Rxe6+ Kd5 34. Re5+
1-0

[Event "Friends of Lumpy Bumpy Big Challenge no2"]
[Site "SchemingMind.com"]
[Date "2010.04.24"]
[Round "-"]
[White "David Hartley"]
[Black "XTC"]
[Result "1/2-1/2"]
[WhiteCountry "ENG"]
[BlackCountry "COL"]
[WhiteElo "1775"]
[WhiteRD "60"]
[BlackElo "1863"]
[BlackRD "62"]
[GameID "245921"]

1. e4 Nf6 2. e5 Nd5 3. d4 d6 4. Nf3 Bg4 5. Be2 Nc6 6. exd6 exd6 7. c4 Nf6 8. d5 Ne7 9. Nc3 c6 10. dxc6 bxc6
11. O-O g6 12. Bd2 Bg7 13. Re1 O-O 14. Rc1 Bxf3 15. Bxf3 Qd7 16. b3 Rad8 17. Qc2 d5 18. cxd5 Nexd5 19. Nxd5 Nxd5 20. Qxc6 Qxc6
21. Rxc6 Bd4 22. Bxd5 Rxd5 23. Re2 Rfd8 24. Be1 Bb6 25. Rcc2 Rd1 26. g3 Ba5 27. Kf1 f5 28. Rc5 Bb4 29. Rc4 a5 30. f3 Ra1
31. Kf2 Bxe1+ 32. Rxe1 Rxa2+ 33. Re2=
1/2-1/2

[Event "Friends of Lumpy Bumpy Big Challenge no2"]
[Site "SchemingMind.com"]
[Date "2010.04.24"]
[Round "-"]
[White "David Hartley"]
[Black "echecs"]
[Result "0-1"]
[WhiteCountry "ENG"]
[BlackCountry "ENG"]
[WhiteElo "1751"]
[WhiteRD "66"]
[BlackElo "1818"]
[BlackRD "58"]
[GameID "245922"]

1. e4 e5 2. Nf3 Nc6 3. Bb5 a6 4. Ba4 Nf6 5. O-O Be7 6. Re1 d6 7. c3 Bg4 8. d4 O-O 9. Qd3 exd4 10. Nxd4 Ne5
11. f3 Nxd3
0-1

[Event "Friends of Lumpy Bumpy Big Challenge no2"]
[Site "SchemingMind.com"]
[Date "2010.04.24"]
[Round "-"]
[White "David Hartley"]
[Black "Clive Everill"]
[Result "0-1"]
[WhiteCountry "ENG"]
[BlackCountry "CZE"]
[WhiteElo "1787"]
[WhiteRD "61"]
[BlackElo "1657"]
[BlackRD "51"]
[GameID "245923"]

1. e4 Nc6 2. d4 e5 3. d5 Nce7 4. Nf3 Nf6 5. Nc3 Ng6 6. Be2 Bb4 7. Bd2 d6 8. Bd3 Bg4 9. Bb5+ Bd7 10. Bxd7+ Qxd7
11. O-O Bxc3 12. Bxc3 Nxe4 13. Bb4 a5 14. Be1 Qb5 15. b3 Nf4 16. c4 Qd7 17. Nd2 Nxd2 18. Bxd2 Ng6 19. Re1 O-O 20. Re3 f5
21. f4 Nxf4 22. Rf3 Ng6 23. Rh3 Qf7 24. Qh5 h6 25. Bxh6 gxh6 26. Qxh6 Qg7 27. Qg5 Qf6 28. Qh6 Qg7= 29. Qd2 Kf7 30. Rc3 Rh8
31. c5 dxc5 32. Rxc5 c6 33. dxc6 bxc6 34. Rxc6 Rae8 35. Qd7+ Ne7 36. Rc7 Qg5 37. Qd5+ Kf6 38. Qd6+ Kf7 39. Qxe5 Rhg8 40. Rc2 Rg6
41. Qxa5 Qe3+ 42. Rf2 Reg8 43. g3 Rxg3+ 44. hxg3 Rxg3+ 45. Kf1 Qd3+ 46. Re2 Qf3+ 47. Ke1 Rg1+ 48. Kd2 Rxa1 49. Rxe7+ Kxe7 50. Qe5+ Kf7
51. Qxa1 Qd5+ 52. Ke1 Qh1+
0-1

[Event "Friends of Lumpy Bumpy Big Challenge no2"]
[Site "SchemingMind.com"]
[Date "2010.04.24"]
[Round "-"]
[White "David Hartley"]
[Black "Kobiahshi"]
[Result "1/2-1/2"]
[WhiteCountry "ENG"]
[BlackCountry "USA"]
[WhiteElo "1787"]
[WhiteRD "61"]
[BlackElo "1628"]
[BlackRD "62"]
[GameID "245924"]

1. e4 d5 2. exd5 Qxd5 3. Nc3 Qa5 4. d4 Nf6 5. Bd2 Bg4 6. Be2 Bxe2 7. Qxe2 e6 8. Nf3 c6 9. O-O Bd6 10. Ne4 Qd8
11. Bg5 Be7 12. Nxf6+ Bxf6 13. Bxf6 Qxf6 14. Rfe1 Nd7 15. Rad1 O-O 16. c4 Rfe8 17. Qc2 Re7 18. Rd3 e5 19. Rde3 Rae8 20. Qe2 e4
21. Nd2 Kf8 22. Nxe4 Qxd4 23. Kf1 Ne5 24. Rd1 Qxc4 25. Nd6 Qxe2+ 26. Kxe2 Rb8 27. Nf5 Ree8 28. Kf1 Nc4 29. Rxe8+ Rxe8 30. Rd7 g6
31. Ng3 Nxb2 32. Rxb7 Nd3 33. Ne2 a5 34. Rb3 Nb4 35. a3 Rd8 36. g3 Nc2 37. Rc3 Rd1+ 38. Kg2 Nd4 39. Nxd4 Rxd4 40. Rxc6 Ra4
41. Rc3 Kg7=
1/2-1/2

[Event "Friends of Lumpy Bumpy Big Challenge no2"]
[Site "SchemingMind.com"]
[Date "2010.04.24"]
[Round "-"]
[White "David Hartley"]
[Black "Naoki_M"]
[Result "0-1"]
[WhiteCountry "ENG"]
[BlackCountry "JPN"]
[WhiteElo "1787"]
[WhiteRD "61"]
[BlackElo "1734"]
[BlackRD "71"]
[GameID "245925"]

1. e4 c5 2. c3 Nf6 3. e5 Nd5 4. d4 cxd4 5. cxd4 d6 6. Nf3 Nc6 7. Bc4 Nb6 8. Bb5 Bd7 9. Nc3 d5 10. Be3 e6
11. O-O Be7 12. Qd2 a6 13. Be2 Rc8 14. Bd3 O-O 15. Qc2 g6 16. a3 Re8 17. Bg5 Bxg5 18. Nxg5 Qxg5 19. f4 Qe7 20. Qf2 Rf8
21. Rad1 Na5 22. Rd2 Nac4 23. Re2 Rc7 24. Qg3 Kh8 25. Qh3 Nxa3 26. Qh6 Kg8 27. Re3 f5 28. exf6 Qxf6 29. Rh3 Bb5 30. Nxd5 Nxd5
31. bxa3 Bxd3 32. Rxd3 Rc3 33. Rxc3 Nxc3
0-1

[Event "Friends of Lumpy Bumpy Big Challenge no2"]
[Site "SchemingMind.com"]
[Date "2010.04.24"]
[Round "-"]
[White "loco61"]
[Black "David Hartley"]
[Result "0-1"]
[WhiteCountry "ENG"]
[BlackCountry "ENG"]
[WhiteElo "1642"]
[WhiteRD "67"]
[BlackElo "1783"]
[BlackRD "63"]
[GameID "245926"]

1. e4 e5 2. Nf3 Nc6 3. Bc4 Bc5 4. d3 h6 5. a3 Nf6 6. Be3 Bxe3 7. fxe3 O-O 8. Nc3 d6 9. h3 a6 10. d4 exd4
11. exd4 Re8 12. Qd3 d5 13. Bb3 dxe4 14. Nxe4 Nxe4 15. O-O Bf5 16. Qc4 Re7 17. g4 Bg6 18. h4 Qd7 19. Nh2 Nd2 20. Qc5 Nxf1
21. Rxf1 Qxd4+ 22. Qxd4 Nxd4 23. Bd5 c6 24. Bc4 Nxc2 25. Nf3 Ne3 26. Rc1 Nxc4 27. Rxc4 Re4 28. Rxe4 Bxe4
0-1

[Event "Friends of Lumpy Bumpy Big Challenge no2"]
[Site "SchemingMind.com"]
[Date "2010.04.24"]
[Round "-"]
[White "capablanca"]
[Black "David Hartley"]
[Result "1-0"]
[WhiteCountry "GER"]
[BlackCountry "ENG"]
[WhiteElo "1712"]
[WhiteRD "54"]
[BlackElo "1783"]
[BlackRD "63"]
[GameID "245927"]

1. e4 e5 2. Nf3 Nc6 3. Bc4 Bc5 4. c3 Nf6 5. d4 exd4 6. cxd4 Bb4+ 7. Bd2 Bxd2+ 8. Nbxd2 d5 9. exd5 Nxd5 10. O-O O-O
11. Re1 Be6 12. a3 Nce7 13. Qb3 b6 14. Ng5 Bf5 15. Ndf3 c6 16. Ne5 Qc7 17. Bxd5 Nxd5 18. Rac1 Be6 19. Qd3 g6 20. Rxc6 Qe7
21. Nxe6 fxe6 22. Ng4 Qf7 23. Nh6+
1-0

[Event "Friends of Lumpy Bumpy Big Challenge no2"]
[Site "SchemingMind.com"]
[Date "2010.04.24"]
[Round "-"]
[White "XTC"]
[Black "David Hartley"]
[Result "1-0"]
[WhiteCountry "COL"]
[BlackCountry "ENG"]
[WhiteElo "1863"]
[WhiteRD "62"]
[BlackElo "1775"]
[BlackRD "60"]
[GameID "245928"]

1. e4 e5 2. Nf3 Nc6 3. Bc4 Be7 4. d4 exd4 5. Nxd4 d6 6. Nxc6 bxc6 7. Qh5 g6 8. Qf3 Nf6 9. Qc3 O-O 10. Bh6 Re8
11. O-O Bf8 12. Bxf8 Rxf8 13. Nd2 Re8 14. Rfe1 Be6 15. Bxe6 Rxe6 16. Qxc6 d5 17. Qc3 Qe7 18. f3 Re8 19. Qd4 dxe4 20. Qxa7 exf3
21. Nxf3 Qb4 22. Rxe6 Rxe6 23. Qxc7 Qxb2 24. Rd1 Qxa2 25. Ne5 Re8 26. c4 Rf8 27. Rf1 Kg7 28. Qb6 Ne8 29. Qd4 f6 30. Qd7+ Kg8
31. Qe6+ Kg7 32. Qe7+ Kg8 33. Nd7
1-0